Big Data Analytics : from Strategic Planning to Enterprise Integration with Tools, Techniques, NoSQL, and Graph /

Gespeichert in:
Bibliographische Detailangaben
1. Verfasser: Loshin, David (Verfasst von)
Format: Buch
Sprache:Englisch
Veröffentlicht: Amsterdam Elsevier 2013
Schlagworte:
Tags: Tag hinzufügen
Keine Tags, Fügen Sie das erste Tag hinzu!

MARC

LEADER 00000nam a22000003a 4500
001 0093324
003 SK-STU
005 20220118095535.4
007 ta
008 220118s ----xo-----e------000-0-----d
020 |a 978-0-12-417319-4 
040 |a STU  |b slo 
041 0 |a eng 
044 |a ne 
100 1 |a Loshin, David  |4 aut 
245 1 0 |a Big Data Analytics :  |b from Strategic Planning to Enterprise Integration with Tools, Techniques, NoSQL, and Graph /  |c aut. David Loshin 
260 |a Amsterdam  |b Elsevier  |c 2013 
300 |a 120 s. 
650 0 7 |a big data 
650 0 7 |a spracovanie dát 
996 |b 284M089002  |c M* 14600-1  |l MMKN  |s A  |a 24  |w 0093324_0001